[Event "Chigorin Memorial 2018"]
[Site "St. Petersburg"]
[Date "2018.10.30"]
[Round "4.115"]
[White "Osipov, Aleksandr"]
[Black "Patel, Palak"]
[Result "1-0"]
[WhiteElo "2021"]
[BlackElo "1672"]
[PlyCount "133"]
[EventDate "2018.10.27"]
[EventType "swiss"]
[EventCountry "RUS"]
[WhiteTeam "Russland"]
[BlackTeam "Indien"]
[WhiteTeamCountry "RUS"]
[BlackTeamCountry "IND"]

1. d4 Nf6 2. Bg5 e6 3. e4 h6 4. Bxf6 Qxf6 5. c3 d6 6. Nd2 Nd7 7. Bd3 e5 8. Ne2 g6 9. O-O g5 10. Ng3 Nb6 11. dxe5 dxe5 12. Qf3 Qxf3 13. Nxf3 Bd6 14. Rad1 a6 15. Nf5 Bxf5 16. exf5 f6 17. Nd2 O-O-O 18. Bc2 c6 19. Bb3 Kc7 20. g3 Nd7 21. Kg2 Nc5 22. Bc2 Nd7 23. Rh1 Nb6 24. Bb3 Be7 25. h4 Nd5 26. Ne4 gxh4 27. Rxh4 Rh7 28. Rh5 b5 29. Rdh1 Rdh8 30. Kf1 a5 31. Bc2 Kd7 32. Ke2 Ke8 33. a3 Kf7 34. Bb3 Kg7 35. R1h4 Rg8 36. Kd3 Rd8 37. Ke2 a4 38. Ba2 Bf8 39. Rg4+ Kf7 40. Rh1 Rh8 41. c4 bxc4 42. Bxc4 Be7 43. Ba2 Rc8 44. Rh5 Rce8 45. Rgh4 Kg7 46. Rh1 Rc8 47. R1h4 Rcg8 48. Rh1 Rc8 49. R5h4 Rcg8 50. R1h2 Rd8 51. Rg4+ Kf7 52. Nd2 Kf8 53. Rxa4 Nc7 54. Rg4 Ke8 55. Rg6 Nb5 56. Bc4 Nd4+ 57. Ke1 Nxf5 58. g4 Nd4 59. Rgxh6 Rxh6 60. Rxh6 Kd7 61. Ne4 Rf8 62. a4 f5 63. gxf5 Rxf5 64. Rh7 Rf8 65. a5 Nb5 66. a6 Nd6 67. Nc5+ 1-0

[Event "Chigorin Memorial 2018"]
[Site "St. Petersburg"]
[Date "2018.10.30"]
[Round "4.116"]
[White "Cherneyko, Ivan"]
[Black "Shihaliev, Leonard"]
[Result "0-1"]
[WhiteElo "1628"]
[BlackElo "2010"]
[PlyCount "90"]
[EventDate "2018.10.27"]
[EventType "swiss"]
[EventCountry "RUS"]
[WhiteTeam "Russland"]
[BlackTeam "Russland"]
[WhiteTeamCountry "RUS"]
[BlackTeamCountry "RUS"]

1. d4 Nf6 2. c4 e6 3. g3 c5 4. Nf3 b6 5. Bg2 Bb7 6. O-O Be7 7. Nc3 cxd4 8. Nb5 O-O 9. Nbxd4 d6 10. b3 Na6 11. a3 Nc5 12. b4 Nce4 13. Bb2 Qc8 14. Rc1 e5 15. Nb3 Qf5 16. Qd3 Qh5 17. Nh4 d5 18. Qf3 Qxf3 19. exf3 Nd6 20. f4 e4 21. c5 Nc4 22. Nf5 Rfe8 23. Nxe7+ Rxe7 24. Bd4 b5 25. Na5 Nxa5 26. bxa5 Bc6 27. Rc3 Nd7 28. Rb1 a6 29. Re3 f5 30. Bf1 Nf8 31. Be5 Ne6 32. Rd1 d4 33. Ree1 d3 34. Bd6 Ree8 35. f3 Nd4 36. Kf2 Nxf3 37. Re3 Nxh2 38. Bh3 g6 39. Kg1 Nf3+ 40. Kh1 h5 41. Bg2 Nd4 42. Be5 Rad8 43. Kh2 Nc2 44. Rexd3 Rxd3 45. Rxd3 exd3 0-1

[Event "Chigorin Memorial 2018"]
[Site "St. Petersburg"]
[Date "2018.10.30"]
[Round "4.117"]
[White "Slugin, Yaroslav"]
[Black "Archelkov, Arseniy"]
[Result "1-0"]
[WhiteElo "2009"]
[BlackElo "1657"]
[PlyCount "83"]
[EventDate "2018.10.27"]
[EventType "swiss"]
[EventCountry "RUS"]
[WhiteTeam "Russland"]
[BlackTeam "Kasachstan"]
[WhiteTeamCountry "RUS"]
[BlackTeamCountry "KAZ"]

1. d4 Nf6 2. Nf3 e6 3. Bg5 d5 4. e3 Nbd7 5. Bd3 Be7 6. Nbd2 b6 7. O-O Bb7 8. Ne5 Nxe5 9. dxe5 Nd7 10. Bxe7 Qxe7 11. f4 Qc5 12. Qe2 g5 13. Nb3 Qe7 14. Nd4 O-O-O 15. Ba6 Kb8 16. Bxb7 Kxb7 17. a4 c6 18. Ra3 a6 19. Nxc6 Kxc6 20. Qxa6 Ra8 21. Qb5+ Kc7 22. Rc3+ Kd8 23. a5 bxa5 24. Qb7 Rb8 25. Qa7 Ke8 26. Rc7 Rd8 27. Qxa5 gxf4 28. exf4 Rg8 29. Rf3 Qh4 30. g3 Qh3 31. Rb3 Rg6 32. Rxd7 Kxd7 33. Qa4+ Ke7 34. Qa3+ Ke8 35. Rb7 Rd7 36. Rb8+ Rd8 37. Qa4+ Ke7 38. Qb4+ Ke8 39. Qb5+ Ke7 40. Qc5+ Ke8 41. Qc6+ Ke7 42. Qc7+ 1-0

[Event "Chigorin Memorial 2018"]
[Site "St. Petersburg"]
[Date "2018.10.30"]
[Round "4.118"]
[White "Isfandiyarli, Kamal"]
[Black "Mamontova, Anastasia"]
[Result "0-1"]
[WhiteElo "1597"]
[BlackElo "2009"]
[PlyCount "52"]
[EventDate "2018.10.27"]
[EventType "swiss"]
[EventCountry "RUS"]
[WhiteTeam "Aserbeidschan"]
[BlackTeam "Russland"]
[WhiteTeamCountry "AZE"]
[BlackTeamCountry "RUS"]

1. d4 Nf6 2. c4 c5 3. d5 b5 4. cxb5 a6 5. bxa6 Bxa6 6. Nc3 g6 7. Nf3 d6 8. e4 Bxf1 9. Kxf1 Bg7 10. g3 O-O 11. Kg2 Qa5 12. Re1 Nbd7 13. h3 Rfb8 14. Qc2 Nb6 15. Nd2 Nfd7 16. Nb3 Qa6 17. Bg5 c4 18. Nd2 Kf8 19. e5 Nxe5 20. f4 Nd3 21. Bxe7+ Kg8 22. Re4 Nxd5 23. Nxc4 Qxc4 24. Rxc4 Ne3+ 25. Kf3 Nxc2 26. Rd1 Nxb2 0-1

[Event "Chigorin Memorial 2018"]
[Site "St. Petersburg"]
[Date "2018.10.30"]
[Round "4.119"]
[White "Levicheva, Ekaterina"]
[Black "Kudin, Alexander"]
[Result "0-1"]
[WhiteElo "2004"]
[BlackElo "1654"]
[PlyCount "142"]
[EventDate "2018.10.27"]
[EventType "swiss"]
[EventCountry "RUS"]
[WhiteTeam "Russland"]
[BlackTeam "Russland"]
[WhiteTeamCountry "RUS"]
[BlackTeamCountry "RUS"]

1. e4 e5 2. Nf3 Nc6 3. Bb5 a6 4. Ba4 d6 5. h3 Nf6 6. d3 Bd7 7. c3 h6 8. O-O Ne7 9. Bc2 Ng6 10. d4 Be7 11. Re1 O-O 12. Be3 Nh7 13. Nbd2 Bg5 14. dxe5 dxe5 15. Nc4 Bxe3 16. Rxe3 Qe7 17. Ncxe5 Nxe5 18. Nxe5 Bxh3 19. f4 Be6 20. Qe2 Rad8 21. b3 Qc5 22. b4 Qe7 23. a3 Rd6 24. f5 Bb3 25. Nd3 Bc4 26. e5 Rd5 27. Re1 Re8 28. Qg4 Bxd3 29. Bxd3 Qg5 30. Qf3 Rd7 31. e6 fxe6 32. fxe6 Rde7 33. Re5 Qh4 34. Bxh7+ Kxh7 35. Qxb7 Qf6 36. Qe4+ g6 37. Rf1 Qg7 38. Qe3 Rf8 39. Rxf8 Qxf8 40. Re4 Qe8 41. Rh4 h5 42. Re4 Qa4 43. c4 Qd1+ 44. Kh2 Qd6+ 45. g3 Qd1 46. Qf4 Qc2+ 47. Kh3 Qb1 48. Qf3 Qc1 49. c5 Qa1 50. Re2 Qd4 51. Kg2 Qc4 52. Re4 Qd5 53. Re2 Qc4 54. Qe3 Qd5+ 55. Kh2 Qc4 56. Qe5 Qd3 57. Rf2 Qc4 58. Rf6 Qa2+ 59. Kh3 Qb1 60. Kh4 g5+ 61. Kxh5 Qd1+ 62. g4 Qh1+ 63. Kxg5 Rg7+ 64. Kf5 Qf3+ 65. Qf4 Qd5+ 66. Qe5 Rg5+ 67. Kxg5 Qxe5+ 68. Rf5 Qxe6 69. Rf6 Qe5+ 70. Rf5 Qe3+ 71. Kh5 Qh6# 0-1

[Event "Chigorin Memorial 2018"]
[Site "St. Petersburg"]
[Date "2018.10.30"]
[Round "4.120"]
[White "Laukhina, Margarita A."]
[Black "Vasilyev, Alexey"]
[Result "0-1"]
[WhiteElo "1555"]
[BlackElo "1995"]
[PlyCount "80"]
[EventDate "2018.10.27"]
[EventType "swiss"]
[EventCountry "RUS"]
[WhiteTeam "Russland"]
[BlackTeam "Russland"]
[WhiteTeamCountry "RUS"]
[BlackTeamCountry "RUS"]

1. d4 Nf6 2. Nf3 e6 3. c4 Bb4+ 4. Bd2 c5 5. g3 O-O 6. Bg2 d6 7. O-O Nc6 8. e3 Qe7 9. a3 Bxd2 10. Qxd2 Rb8 11. Nc3 b6 12. Rfd1 Rd8 13. e4 Na5 14. Qd3 Ba6 15. Nb5 Rbc8 16. b4 cxb4 17. axb4 Bxb5 18. cxb5 Nc4 19. Rdc1 d5 20. e5 Ne8 21. Qb3 Rc7 22. Rc2 Qd7 23. Qa4 Rdc8 24. Rac1 a6 25. Qb3 axb5 26. Qd3 h6 27. Nh4 Qe7 28. Rb1 Ra8 29. Rc3 Rca7 30. f4 Ra2 31. Nf3 R8a4 32. Rcb3 Nc7 33. f5 Na6 34. Bh3 exf5 35. Qxf5 Rxb4 36. e6 Rxb3 37. Rxb3 Nc7 38. exf7+ Qxf7 39. Qc8+ Kh7 40. Bf5+ g6 0-1

[Event "Chigorin Memorial 2018"]
[Site "St. Petersburg"]
[Date "2018.10.30"]
[Round "4.121"]
[White "Yudkevich, Mikhail"]
[Black "Chertkov, Maksim"]
[Result "0-1"]
[WhiteElo "1993"]
[BlackElo "1502"]
[PlyCount "76"]
[EventDate "2018.10.27"]
[EventType "swiss"]
[EventCountry "RUS"]
[WhiteTeam "Russland"]
[BlackTeam "Russland"]
[WhiteTeamCountry "RUS"]
[BlackTeamCountry "RUS"]

1. f4 d5 2. Nf3 Nc6 3. e3 Bg4 4. h3 Bxf3 5. Qxf3 Nf6 6. d4 Qd7 7. Bb5 a6 8. Ba4 e6 9. c3 h5 10. Nd2 h4 11. O-O Be7 12. e4 O-O-O 13. e5 Nh5 14. Bc2 Rdf8 15. f5 Ng3 16. Rf2 f6 17. fxe6 Qxe6 18. exf6 Rxf6 19. Qg4 Qxg4 20. hxg4 Rxf2 21. Kxf2 Rf8+ 22. Nf3 Ne4+ 23. Ke3 Ng3 24. Bd2 Bd6 25. Bf5+ Nxf5+ 26. gxf5 Bg3 27. Be1 Ne7 28. Bxg3 Nxf5+ 29. Kf4 Nxd4+ 30. Kg4 Nxf3 31. Bf4 g5 32. Bxg5 Nxg5 33. Kxg5 Rg8+ 34. Kxh4 Rxg2 35. Rb1 c6 36. Kh3 Rg7 37. Rd1 Kc7 38. Rd4 Kd6 0-1

[Event "Chigorin Memorial 2018"]
[Site "St. Petersburg"]
[Date "2018.10.30"]
[Round "4.122"]
[White "Pradeep, Pandya"]
[Black "Rudikov, Dmitry"]
[Result "0-1"]
[WhiteElo "1537"]
[BlackElo "1990"]
[PlyCount "120"]
[EventDate "2018.10.27"]
[EventType "swiss"]
[EventCountry "RUS"]
[WhiteTeam "Indien"]
[BlackTeam "Russland"]
[WhiteTeamCountry "IND"]
[BlackTeamCountry "RUS"]

1. d4 Nf6 2. c4 c5 3. d5 b5 4. Nf3 g6 5. Qc2 Bg7 6. e4 d6 7. Nc3 a6 8. cxb5 O-O 9. Be2 axb5 10. Bxb5 Qa5 11. O-O Ba6 12. Bxa6 Nxa6 13. Bd2 Nb4 14. Qb1 Qa6 15. a3 Nd3 16. a4 c4 17. Ne1 Nc5 18. Be3 Nb3 19. Ra3 Ng4 20. Bf4 Be5 21. Bxe5 Nxe5 22. Qd1 f5 23. exf5 Rxf5 24. f4 Qb6+ 25. Kh1 Raf8 26. g3 h5 27. Ng2 Ng4 28. Ne4 Qb7 29. Nc3 Nc5 30. h3 Nh6 31. Ne3 Qxb2 32. Qa1 Qb4 33. Rb1 Nb3 34. Qb2 Qc5 35. Nxf5 Nxf5 36. Rg1 Qe3 37. Ne2 h4 38. Ra2 hxg3 39. Qc3 Qe4+ 40. Rg2 Nh4 41. Qxg3 Nxg2 42. Qxg2 Qb1+ 43. Kh2 Kh7 44. Nc3 Qd3 45. Ne4 Rxf4 46. Ng5+ Kg8 47. Re2 Qf5 48. Ne6 Rf3 49. Ng5 Qf4+ 50. Kg1 Rg3 51. Ne6 Rxg2+ 52. Rxg2 Qf6 53. Rf2 Qa1+ 54. Rf1 Qe5 55. Rf8+ Kh7 56. Rf7+ Kh6 57. Nf8 Qxd5 58. Rh7+ Kg5 59. Rxe7 Nd4 60. Nh7+ Kh4 0-1

[Event "Chigorin Memorial 2018"]
[Site "St. Petersburg"]
[Date "2018.10.30"]
[Round "4.123"]
[White "Tarielashvili, Diana"]
[Black "Wartiovaara, Oliver"]
[Result "0-1"]
[WhiteElo "1503"]
[BlackElo "1984"]
[PlyCount "84"]
[EventDate "2018.10.27"]
[EventType "swiss"]
[EventCountry "RUS"]
[WhiteTeam "Russland"]
[BlackTeam "Finnland"]
[WhiteTeamCountry "RUS"]
[BlackTeamCountry "FIN"]

1. e4 c5 2. Nf3 a6 3. Nc3 e6 4. d4 cxd4 5. Nxd4 Qc7 6. Bd3 Nf6 7. O-O Be7 8. Re1 d6 9. f4 Nbd7 10. Nb3 b5 11. a3 Bb7 12. Kh1 h5 13. Qe2 h4 14. h3 Nh5 15. Qf3 Ndf6 16. Be3 d5 17. Kg1 dxe4 18. Nxe4 Ng3 19. Nbd2 Nfxe4 20. Bxe4 Nxe4 21. Nxe4 f5 22. Qf2 Bxe4 23. Rac1 O-O 24. Bd4 Rac8 25. c3 Bd6 26. Be3 e5 27. fxe5 Bxe5 28. Rf1 Bh2+ 29. Kh1 Bg3 30. Qe2 Qc4 31. Qh5 f4 32. Bd4 f3 33. gxf3 Qe2 34. Rf2 Bxf2 35. Bxf2 Bxf3+ 36. Kg1 Bxh5 37. Bd4 Rxc3 38. bxc3 Rf3 39. Kh1 Rxh3+ 40. Kg1 Rh1+ 41. Kxh1 Bf3+ 42. Kg1 Qg2# 0-1

[Event "Chigorin Memorial 2018"]
[Site "St. Petersburg"]
[Date "2018.10.30"]
[Round "4.124"]
[White "Mutina, Sofia"]
[Black "Protasova, Anastasia"]
[Result "0-1"]
[WhiteElo "1441"]
[BlackElo "1974"]
[PlyCount "112"]
[EventDate "2018.10.27"]
[EventType "swiss"]
[EventCountry "RUS"]
[WhiteTeam "Russland"]
[BlackTeam "Russland"]
[WhiteTeamCountry "RUS"]
[BlackTeamCountry "RUS"]

1. b3 d5 2. Bb2 Bf5 3. Nf3 e6 4. e3 Nf6 5. Ne5 Nbd7 6. f4 Nxe5 7. Bxe5 Bd6 8. Bb2 Qe7 9. Be2 Ne4 10. O-O f6 11. d3 Nc5 12. Nd2 Rg8 13. Nf3 Bg4 14. Nd4 Bxe2 15. Qxe2 O-O-O 16. b4 Na4 17. c3 Nxb2 18. Qxb2 f5 19. Nb5 a6 20. Nxd6+ Rxd6 21. a4 g5 22. Qe2 e5 23. fxe5 Qxe5 24. d4 Qe6 25. Qf2 Rf8 26. Qg3 h6 27. Rf3 Rc6 28. Qe1 Re8 29. Rc1 f4 30. Kf2 Qf6 31. Kg1 Rce6 32. Qd2 Rxe3 33. Rxe3 Rxe3 34. Re1 Re6 35. Rf1 Qe7 36. Qd3 c6 37. b5 axb5 38. axb5 Re3 39. Qf5+ Kc7 40. bxc6 bxc6 41. Qc2 Re2 42. Qc1 Qe4 43. Rf2 Re1+ 44. Qxe1 Qxe1+ 45. Rf1 Qe3+ 46. Kh1 Qxc3 47. Rd1 f3 48. g3 Qc2 49. Rg1 f2 50. Kg2 fxg1=R+ 51. Kxg1 c5 52. Kf1 cxd4 53. Kg1 d3 54. Kf1 Qe2+ 55. Kg1 d2 56. h4 d1=R# 0-1

[Event "Chigorin Memorial 2018"]
[Site "St. Petersburg"]
[Date "2018.10.30"]
[Round "4.126"]
[White "Pavlov, Mark"]
[Black "Petrova, Anzhelika"]
[Result "1-0"]
[WhiteElo "1924"]
[BlackElo "1445"]
[PlyCount "53"]
[EventDate "2018.10.27"]
[EventType "swiss"]
[EventCountry "RUS"]
[WhiteTeam "Russland"]
[BlackTeam "Russland"]
[WhiteTeamCountry "RUS"]
[BlackTeamCountry "RUS"]

1. d4 d5 2. c4 dxc4 3. e3 Nf6 4. Bxc4 e6 5. Nf3 c5 6. O-O a6 7. a4 Nc6 8. Qe2 Qc7 9. Rd1 Be7 10. dxc5 Bxc5 11. b3 O-O 12. Bb2 Qe7 13. Nbd2 b6 14. Rac1 e5 15. h3 Bb7 16. Nf1 h6 17. Ng3 Rfd8 18. Nf5 Qe8 19. e4 Nd7 20. Bd5 Na5 21. Bxb7 Nxb7 22. Rd5 f6 23. b4 Bd4 24. Bxd4 exd4 25. N3xd4 Ne5 26. Rc7 Rxd5 27. exd5 1-0

[Event "Chigorin Memorial 2018"]
[Site "St. Petersburg"]
[Date "2018.10.30"]
[Round "4.128"]
[White "Tyapkin, Petr"]
[Black "Ageeva, Vasilisa"]
[Result "1-0"]
[WhiteElo "2080"]
[BlackElo "1745"]
[PlyCount "79"]
[EventDate "2018.10.27"]
[EventType "swiss"]
[EventCountry "RUS"]
[WhiteTeam "Russland"]
[BlackTeam "Russland"]
[WhiteTeamCountry "RUS"]
[BlackTeamCountry "RUS"]

1. d4 d5 2. Nf3 Nf6 3. c4 dxc4 4. e3 e6 5. Bxc4 c5 6. O-O a6 7. a4 Nc6 8. Qe2 cxd4 9. Rd1 Qc7 10. exd4 Be7 11. Nc3 O-O 12. Bg5 Nb4 13. Rac1 Qa5 14. Bd2 Qb6 15. Bf4 Re8 16. Ne5 Nbd5 17. Bg3 Qa5 18. Bb3 Qd8 19. Qf3 Rf8 20. Bh4 Rb8 21. Bg3 Ra8 22. h3 h6 23. Ba2 Nb4 24. Bb1 Nbd5 25. Bh4 Nd7 26. Qd3 f5 27. Bxe7 Nxe7 28. Nxd7 Qxd7 29. Ba2 Rd8 30. d5 exd5 31. Bxd5+ Nxd5 32. Nxd5 Kh8 33. Qf3 Qf7 34. Nb6 Rxd1+ 35. Qxd1 Rb8 36. Qd6 Qf6 37. Qxf6 gxf6 38. Rxc8+ Rxc8 39. Nxc8 f4 40. a5 1-0

[Event "Chigorin Memorial 2018"]
[Site "St. Petersburg"]
[Date "2018.10.30"]
[Round "4.129"]
[White "Shadunts, Kirill"]
[Black "Chagina, Ulyana"]
[Result "1-0"]
[WhiteElo "1907"]
[BlackElo "1727"]
[PlyCount "69"]
[EventDate "2018.10.27"]
[EventType "swiss"]
[EventCountry "RUS"]
[WhiteTeam "Russland"]
[BlackTeam "Russland"]
[WhiteTeamCountry "RUS"]
[BlackTeamCountry "RUS"]

1. d4 Nf6 2. c4 c5 3. d5 b5 4. cxb5 a6 5. bxa6 g6 6. Nc3 Bg7 7. e4 O-O 8. e5 Ne8 9. f4 d6 10. Nf3 Bg4 11. Be2 Bxf3 12. Bxf3 dxe5 13. d6 Rxa6 14. dxe7 Qxe7 15. Nd5 Qe6 16. Qe2 exf4 17. Bxf4 Nd7 18. O-O Qxe2 19. Bxe2 Re6 20. Bc4 Bxb2 21. Rab1 Bd4+ 22. Kh1 Nef6 23. Rb7 Re4 24. Bd3 Re6 25. Bc4 Re4 26. Bd6 Ra8 27. g3 Kg7 28. Bb3 Rc8 29. Bc4 Be5 30. Nxf6 Rxc4 31. Nxd7 Bxd6 32. Nb6 Rb4 33. Rbxf7+ Kh6 34. Nxc8 Be5 35. Ne7 1-0

[Event "Chigorin Memorial 2018"]
[Site "St. Petersburg"]
[Date "2018.10.30"]
[Round "4.130"]
[White "Pavlov, Mikhail"]
[Black "Myslevsky, Fedor"]
[Result "0-1"]
[WhiteElo "1894"]
[BlackElo "1617"]
[PlyCount "60"]
[EventDate "2018.10.27"]
[EventType "swiss"]
[EventCountry "RUS"]
[WhiteTeam "Russland"]
[BlackTeam "Russland"]
[WhiteTeamCountry "RUS"]
[BlackTeamCountry "RUS"]

1. e4 c5 2. Nf3 e6 3. d4 cxd4 4. Nxd4 Nf6 5. Nc3 Bb4 6. e5 Nd5 7. Bd2 Bxc3 8. bxc3 Qc7 9. f4 a6 10. Qf3 d6 11. Qg3 O-O 12. exd6 Qxd6 13. Bd3 Nc6 14. Qh4 f5 15. Nf3 e5 16. fxe5 Nxe5 17. O-O Nxf3+ 18. Rxf3 Bd7 19. Raf1 g6 20. Kh1 Bc6 21. Rg3 f4 22. Rh3 Rf7 23. c4 Ne7 24. Rxf4 Raf8 25. Rxf7 Rxf7 26. Qe1 Nf5 27. Bc3 Qf4 28. Qd2 Qg4 29. Qe2 Qxh3 30. Qd2 Qe3 0-1

[Event "Chigorin Memorial 2018"]
[Site "St. Petersburg"]
[Date "2018.10.30"]
[Round "4.131"]
[White "Kurchenko, Egor"]
[Black "Saveljev, Ivan"]
[Result "1-0"]
[WhiteElo "1710"]
[BlackElo "1841"]
[PlyCount "79"]
[EventDate "2018.10.27"]
[EventType "swiss"]
[EventCountry "RUS"]
[WhiteTeam "Russland"]
[BlackTeam "Russland"]
[WhiteTeamCountry "RUS"]
[BlackTeamCountry "RUS"]

1. e4 e5 2. Nf3 Nf6 3. d4 Nxe4 4. Bd3 d5 5. Nxe5 Bd6 6. O-O O-O 7. Re1 Re8 8. c3 c6 9. Qc2 g6 10. Nd2 Bxe5 11. dxe5 Nc5 12. Nf3 Nxd3 13. Qxd3 Bf5 14. Qd4 Nd7 15. Bg5 Qc7 16. Bh6 Qb6 17. Qh4 Qxb2 18. Ng5 Rxe5 19. Bg7 Kxg7 20. Qxh7+ Kf6 21. f4 Rxe1+ 22. Rxe1 Qb6+ 23. Kh1 Rf8 24. Qh6 Be4 25. Qh4 Qd8 26. Nxe4+ Kg7 27. Ng5 Rh8 28. Qf2 Qf6 29. Qe3 b6 30. Qe7 Nf8 31. g3 a5 32. Re3 Rh6 33. Qe8 Nh7 34. Nxf7 Nf8 35. Nxh6 Kxh6 36. Qe7 Qxe7 37. Rxe7 Kh5 38. h3 c5 39. Rf7 Ne6 40. Rh7# 1-0

[Event "Chigorin Memorial 2018"]
[Site "St. Petersburg"]
[Date "2018.10.30"]
[Round "4.132"]
[White "Yakovlev, Yuri S."]
[Black "Mustafazade, Fikrat"]
[Result "0-1"]
[WhiteElo "1838"]
[BlackElo "1404"]
[PlyCount "106"]
[EventDate "2018.10.27"]
[EventType "swiss"]
[EventCountry "RUS"]
[WhiteTeam "Russland"]
[BlackTeam "Aserbeidschan"]
[WhiteTeamCountry "RUS"]
[BlackTeamCountry "AZE"]

1. e4 c5 2. Nf3 e6 3. c4 Nc6 4. Nc3 a6 5. Be2 Qc7 6. O-O Bd6 7. h3 Nf6 8. d4 cxd4 9. Nxd4 Nxd4 10. Qxd4 Bc5 11. Qd3 O-O 12. Be3 Bxe3 13. Qxe3 d6 14. Na4 Rb8 15. Rac1 Bd7 16. Nb6 Bc6 17. f3 Nd7 18. Nxd7 Qxd7 19. Rfd1 Rfe8 20. f4 Rbd8 21. Bf3 d5 22. cxd5 exd5 23. e5 d4 24. Bxc6 bxc6 25. Qe4 Qb7 26. b3 Rd5 27. Rc4 Qb6 28. Rd3 f6 29. e6 f5 30. Qe2 c5 31. e7 Qd6 32. Qf3 Rxe7 33. Ra4 Re4 34. g3 g6 35. Qf1 Qe6 36. Rd1 d3 37. Rxd3 Re1 38. Rxd5 Rxf1+ 39. Kxf1 Qxd5 40. Kf2 Kg7 41. g4 a5 42. g5 h5 43. h4 Kf7 44. Ke3 Ke6 45. Rc4 Kd6 46. Ra4 Kc6 47. Rc4 Qg2 48. Ra4 Kd5 49. Kd3 Kc6 50. Kc3 Kb5 51. Kd3 Qg3+ 52. Kc2 Qxh4 53. Rc4 Qf2+ 0-1

[Event "Chigorin Memorial 2018"]
[Site "St. Petersburg"]
[Date "2018.10.30"]
[Round "4.133"]
[White "Kovalenko, Kleopatra"]
[Black "Badazhkov, Egor"]
[Result "1-0"]
[WhiteElo "1781"]
[BlackElo "1581"]
[PlyCount "53"]
[EventDate "2018.10.27"]
[EventType "swiss"]
[EventCountry "RUS"]
[WhiteTeam "Russland"]
[BlackTeam "Russland"]
[WhiteTeamCountry "RUS"]
[BlackTeamCountry "RUS"]

1. e4 c5 2. Nf3 e6 3. d4 cxd4 4. Nxd4 Nc6 5. Nxc6 bxc6 6. Bd3 d5 7. Nc3 Nf6 8. O-O d4 9. Na4 e5 10. f4 Bd6 11. f5 h5 12. Bg5 Qd7 13. b3 Bb7 14. Nb2 c5 15. Qe2 Bc6 16. Nc4 Qc7 17. Bh4 Nd7 18. Rf3 Nb6 19. Nxd6+ Qxd6 20. Rg3 Rh7 21. Rg5 Qh6 22. f6 gxf6 23. Rf5 Nd7 24. Raf1 Qf8 25. Bxf6 Nxf6 26. Rxe5+ Qe7 27. Rxe7+ 1-0

[Event "Chigorin Memorial 2018"]
[Site "St. Petersburg"]
[Date "2018.10.30"]
[Round "4.134"]
[White "Loktionov, Kirill"]
[Black "Lozovoi, Georgy"]
[Result "1/2-1/2"]
[WhiteElo "1776"]
[BlackElo "1315"]
[PlyCount "86"]
[EventDate "2018.10.27"]
[EventType "swiss"]
[EventCountry "RUS"]
[WhiteTeam "Russland"]
[BlackTeam "Russland"]
[WhiteTeamCountry "RUS"]
[BlackTeamCountry "RUS"]

1. d4 d5 2. c4 e6 3. Bf4 Nf6 4. e3 Nc6 5. Nc3 Be7 6. Nf3 h6 7. Be2 Bd7 8. O-O O-O 9. Rc1 Rc8 10. a3 a6 11. b4 Re8 12. Qb3 dxc4 13. Bxc4 Na7 14. Rfd1 Bd6 15. Bg3 Bxg3 16. hxg3 c6 17. e4 Qc7 18. e5 Nh7 19. Ne4 Rf8 20. Nd6 Rb8 21. Nd2 Nc8 22. Nxc8 Rbxc8 23. Ne4 Rcd8 24. a4 Qb6 25. Nd6 Ra8 26. a5 Qa7 27. Bd3 g6 28. Qb2 Rab8 29. Nc4 Rbd8 30. Kh2 Bc8 31. Nb6 Qb8 32. Rh1 Qc7 33. Kg1 Kg7 34. Qd2 Ng5 35. Qf4 Qe7 36. Qh4 Rh8 37. Rc4 f6 38. f4 Nf7 39. Kf2 Bd7 40. Rhc1 Bc8 41. Na4 Bd7 42. Nc5 Bc8 43. Ne4 g5 1/2-1/2

[Event "Chigorin Memorial 2018"]
[Site "St. Petersburg"]
[Date "2018.10.30"]
[Round "4.135"]
[White "Petrov, Maksim"]
[Black "Trifonov, Vladislav"]
[Result "0-1"]
[WhiteElo "1589"]
[BlackElo "1749"]
[PlyCount "120"]
[EventDate "2018.10.27"]
[EventType "swiss"]
[EventCountry "RUS"]
[WhiteTeam "Russland"]
[BlackTeam "Russland"]
[WhiteTeamCountry "RUS"]
[BlackTeamCountry "RUS"]

1. d4 Nf6 2. c4 g6 3. Nc3 Bg7 4. e4 O-O 5. f3 d6 6. Be3 Nc6 7. Qd2 a6 8. O-O-O e5 9. d5 Nd4 10. Bxd4 exd4 11. Nce2 d3 12. Qxd3 b5 13. Nd4 bxc4 14. Qxc4 Nd7 15. Nc6 Qg5+ 16. Kb1 Ne5 17. Qc1 Qf6 18. Qc3 Nxc6 19. Qxf6 Bxf6 20. dxc6 Rb8 21. Rd2 Rb6 22. Rc2 Be6 23. Ne2 Rfb8 24. b3 a5 25. Nc1 a4 26. Bc4 Rxc6 27. Bxe6 Rxc2 28. Bxf7+ Kxf7 29. Kxc2 Ke6 30. Nd3 axb3+ 31. axb3 Ra8 32. Nc1 Ra1 33. Rd1 c6 34. Nd3 Ra2+ 35. Kc1 g5 36. Rd2 Ra1+ 37. Kc2 h5 38. Nb4 Kd7 39. Kd3 Rb1 40. Kc4 Be5 41. h3 Rc1+ 42. Rc2 Rd1 43. Nd3 Bf6 44. e5 Bxe5 45. Nxe5+ dxe5 46. Re2 Kd6 47. Ra2 g4 48. hxg4 hxg4 49. fxg4 Rd4+ 50. Kc3 Rxg4 51. Kd3 Kd5 52. Ra5+ c5 53. Ke3 Rg3+ 54. Kf2 Rxb3 55. g4 Kd4 56. g5 Rb6 57. Kf3 e4+ 58. Kf4 e3 59. Ra8 Re6 60. Rd8+ Kc3 0-1

[Event "Chigorin Memorial 2018"]
[Site "St. Petersburg"]
[Date "2018.10.30"]
[Round "4.136"]
[White "Airapetyan, Anzhelika"]
[Black "Pogorelskikh, Sofia"]
[Result "0-1"]
[WhiteElo "1397"]
[BlackElo "2041"]
[PlyCount "146"]
[EventDate "2018.10.27"]
[EventType "swiss"]
[EventCountry "RUS"]
[WhiteTeam "Russland"]
[BlackTeam "Russland"]
[WhiteTeamCountry "RUS"]
[BlackTeamCountry "RUS"]

1. e4 c5 2. Nf3 d6 3. Bb5+ Bd7 4. Bxd7+ Qxd7 5. O-O Nf6 6. e5 dxe5 7. Nxe5 Qc8 8. Qf3 e6 9. Nc3 Be7 10. d3 O-O 11. Bd2 Nfd7 12. Rfe1 Nxe5 13. Rxe5 Qc6 14. Qh3 Nd7 15. Re2 Rad8 16. Ne4 Rfe8 17. Rae1 Nf6 18. Bc3 Nd5 19. Bd2 c4 20. d4 Qb5 21. Nc3 Nxc3 22. Bxc3 Bf6 23. Re4 Rd5 24. f4 Red8 25. Qe3 Qd7 26. Rd1 Qd6 27. b3 Qc6 28. Rd2 Rc8 29. Ba1 Qa6 30. bxc4 Rxc4 31. c3 h6 32. Rb2 Bd8 33. Qd3 Ba5 34. Rb3 Rd8 35. Qe2 Rdc8 36. Re3 Qc6 37. Qf3 Qxf3 38. Rxf3 b6 39. Kf2 Kf8 40. Ke2 Ke7 41. Re3 Kd6 42. Kd2 Rxd4+ 43. Rd3 Rxd3+ 44. Kxd3 Kc5 45. c4 Rd8+ 46. Ke3 f6 47. Bc3 Bxc3 48. Rxc3 Rd4 49. Ra3 a5 50. Rd3 Rxd3+ 51. Kxd3 e5 52. g3 e4+ 53. Kxe4 Kxc4 54. Kf5 b5 55. Kg6 b4 56. Kxg7 a4 57. Kxf6 b3 58. axb3+ axb3 59. Kg6 b2 60. Kxh6 b1=Q 61. g4 Qb6+ 62. Kg5 Qd8+ 63. Kf5 Qd7+ 64. Kg5 Qe7+ 65. Kh5 Qh7+ 66. Kg5 Qxh2 67. f5 Kd5 68. Kg6 Qf4 69. g5 Ke5 70. f6 Ke6 71. Kh6 Kf7 72. Kh5 Qf5 73. Kh6 Qg6# 0-1

[Event "Chigorin Memorial 2018"]
[Site "St. Petersburg"]
[Date "2018.10.30"]
[Round "4.137"]
[White "Shoshin, Kirill"]
[Black "Shceglov, Mikhail"]
[Result "1/2-1/2"]
[WhiteElo "2073"]
[BlackElo "1612"]
[PlyCount "82"]
[EventDate "2018.10.27"]
[EventType "swiss"]
[EventCountry "RUS"]
[WhiteTeam "Russland"]
[BlackTeam "Russland"]
[WhiteTeamCountry "RUS"]
[BlackTeamCountry "RUS"]

1. d4 Nf6 2. c4 g6 3. Nc3 d5 4. e3 Bg7 5. Bd2 O-O 6. Rc1 c5 7. dxc5 Na6 8. cxd5 Nxc5 9. Bc4 e6 10. b4 exd5 11. Nxd5 Nd3+ 12. Bxd3 Qxd5 13. Bf1 Rd8 14. Nf3 Ne4 15. Bc4 Qd6 16. Rc2 Bf5 17. Ke2 Rac8 18. Qc1 Ng3+ 19. hxg3 Bxc2 20. Qxc2 b5 21. Bxf7+ Kxf7 22. Qb3+ Qd5 23. Rxh7 Qxb3 24. axb3 Kg8 25. Rh4 Rc2 26. Nd4 Bxd4 27. Rxd4 Rxd4 28. exd4 Rb2 29. Kd3 Rxb3+ 30. Kc2 Ra3 31. Kb2 Rd3 32. Bc3 Rd1 33. Kc2 Rf1 34. f3 Rf2+ 35. Kd3 Rxg2 36. g4 Kf7 37. d5 Rg1 38. Bd4 Rd1+ 39. Ke4 Re1+ 40. Kf4 a6 41. Kg5 Rd1 1/2-1/2